000 00792nam a2200241 a 4500
001 000023422
005 20200930022217.0
008 101207s1993 sp r 000 e spa d
020 _a8437501784
040 _aDO-SdBNP
_bspa
_cBNPHU
082 _aM864.44
_bP348L, 1993
100 1 _aPaz, Octavio,
_d1914-1998.
_98703
245 1 0 _aEl laberinto de la soledad /
_cOctavio Paz ; edición de Enrico Mario Santí.
250 _a15a ed.
260 _aMadrid, España :
_bFondo de Cultura Económica,
_c1993.
300 _a578 p. ;
_c18 cm.
490 1 _aPopular
_v107
500 _aIncluye referencias bibliográficas y notas al pie de las páginas
650 4 _aEnsayos mexicanos
_91921
650 4 _aLiteratura mexicana
_ySIGLO XX
_99216
830 0 _aPopular ;
_v107
_913374
049 _aBNGR
999 _c22919
_d22919